<?xml version="1.0" encoding="UTF-8"?>
<record
    xmlns:xsi="http://www.w3.org/2001/XMLSchema-instance"
    xsi:schemaLocation="http://www.loc.gov/MARC21/slim http://www.loc.gov/standards/marcxml/schema/MARC21slim.xsd"
    xmlns="http://www.loc.gov/MARC21/slim">

  <leader>01977nab a2200265 ab4500</leader>
  <controlfield tag="005">20260630144117.0</controlfield>
  <controlfield tag="008">260604b2025    sp tr poo|    0   0 spa d</controlfield>
  <controlfield tag="003"></controlfield>
  <datafield tag="040" ind1=" " ind2=" ">
    <subfield code="a">MX-MxUPN</subfield>
    <subfield code="b">spa</subfield>
    <subfield code="c">MX-MxUPN</subfield>
    <subfield code="e">aacr2</subfield>
  </datafield>
  <datafield tag="100" ind1="1" ind2=" ">
    <subfield code="a">Jim&#xE9;nez Garc&#xED;a, Juan Ram&#xF3;n</subfield>
    <subfield code="9">60160</subfield>
  </datafield>
  <datafield tag="100" ind1="1" ind2=" ">
    <subfield code="a">Fachelli, Sandra</subfield>
    <subfield code="9">60161</subfield>
  </datafield>
  <datafield tag="245" ind1="1" ind2="4">
    <subfield code="a">An&#xE1;lisis multifactorial de la inserci&#xF3;n laboral de personas graduadas. Equidad del sistema y persistencia de desigualdades de g&#xE9;nero</subfield>
    <subfield code="h">[recurso electr&#xF3;nico en l&#xED;nea]</subfield>
  </datafield>
  <datafield tag="506" ind1="0" ind2=" ">
    <subfield code="a">Acceso abierto</subfield>
  </datafield>
  <datafield tag="520" ind1="3" ind2=" ">
    <subfield code="a">Este art&#xED;culo analiza la inserci&#xF3;n laboral de graduados universitarios, enfoc&#xE1;ndose en los ingresos cinco a&#xF1;os despu&#xE9;s de la obtenci&#xF3;n del t&#xED;tulo, considerando factores como campo de estudio, tipo de universidad, habilidades tecnol&#xF3;gicas, idiomas, origen social, g&#xE9;nero, edad y comunidad aut&#xF3;noma. Utilizando microdatos de la Encuesta de inserci&#xF3;n laboral de titulados universitarios de 2019, se presentan resultados sobre los ingresos. Destacamos c&#xF3;mo la educaci&#xF3;n universitaria puede mitigar diferencias socioecon&#xF3;micas medidas por el nivel educativo de los padres, respaldando la importancia de un sistema educativo superior que permita a hijos de clases trabajadoras acceder y completar la formaci&#xF3;n universitaria. La gratuidad del sistema educativo aumentar&#xED;a el acceso y la finalizaci&#xF3;n de estudios en colectivos vulnerables. El estudio evidencia la persistencia de desigualdades de g&#xE9;nero en el mercado laboral de graduados. </subfield>
    <subfield code="c">REIS</subfield>
  </datafield>
  <datafield tag="653" ind1=" " ind2=" ">
    <subfield code="a">Inserci&#xF3;n laboral</subfield>
  </datafield>
  <datafield tag="650" ind1=" " ind2="4">
    <subfield code="a">Equidad de g&#xE9;nero</subfield>
    <subfield code="9">4872</subfield>
  </datafield>
  <datafield tag="653" ind1=" " ind2=" ">
    <subfield code="a">Salarios</subfield>
  </datafield>
  <datafield tag="650" ind1=" " ind2="2">
    <subfield code="a">Movilidad social</subfield>
    <subfield code="9">16154</subfield>
  </datafield>
  <datafield tag="650" ind1=" " ind2=" ">
    <subfield code="a">Educaci&#xF3;n superior</subfield>
    <subfield code="9">32</subfield>
  </datafield>
  <datafield tag="773" ind1=" " ind2=" ">
    <subfield code="g">No. 192 (2025), p. 125-148</subfield>
    <subfield code="t">REIS: revista espa&#xF1;ola de investigaciones sociol&#xF3;gicas</subfield>
    <subfield code="x">1988-5903</subfield>
  </datafield>
  <datafield tag="856" ind1="4" ind2=" ">
    <subfield code="u">https://reis.cis.es/index.php/reis/article/view/2399</subfield>
  </datafield>
  <datafield tag="856" ind1="4" ind2=" ">
    <subfield code="u">https://reis.cis.es/index.php/reis/article/view/2399/3000</subfield>
  </datafield>
  <datafield tag="902" ind1=" " ind2=" ">
    <subfield code="a">Leonor Sotres/300626</subfield>
  </datafield>
  <datafield tag="942" ind1=" " ind2=" ">
    <subfield code="c">ART-E</subfield>
  </datafield>
  <datafield tag="952" ind1=" " ind2=" ">
    <subfield code="0">0</subfield>
    <subfield code="1">0</subfield>
    <subfield code="4">0</subfield>
    <subfield code="7">0</subfield>
    <subfield code="8">CAA</subfield>
    <subfield code="a">BCUPN50</subfield>
    <subfield code="b">BCUPN50</subfield>
    <subfield code="c">ENL</subfield>
    <subfield code="d">2026-06-30</subfield>
    <subfield code="l">0</subfield>
    <subfield code="r">2026-06-30 14:41:37</subfield>
    <subfield code="u">https://reis.cis.es/index.php/reis/article/view/2399/3000</subfield>
    <subfield code="w">2026-06-30</subfield>
    <subfield code="y">ART-E</subfield>
  </datafield>
  <datafield tag="999" ind1=" " ind2=" ">
    <subfield code="c">215477</subfield>
    <subfield code="d">215477</subfield>
  </datafield>
</record>
